After His passion: (Record no. 7622)

000 -LEADER
fixed length control field 00604nam a2200181 a 4500
001 - CONTROL NUMBER
control field :::00005383$&:&@@
003 - CONTROL NUMBER IDENTIFIER
control field OkBaRHE
005 - DATE AND TIME OF LATEST TRANSACTION
control field 20000607103325.0
008 - FIXED-LENGTH DATA ELEMENTS--GENERAL INFORMATION
fixed length control field s1939 j 000 0 eng u
040 ## - CATALOGING SOURCE
Transcribing agency
100 1# - MAIN ENTRY--PERSONAL NAME
Personal name Massee, J. C. (Jasper Cortenus), 1871-
245 10 - TITLE STATEMENT
Title After His passion:
Remainder of title lessons from the resurrection appearances of Jesus.
260 ## - PUBLICATION, DISTRIBUTION, ETC. (IMPRINT)
Place of publication, distribution, etc New York, NY.,
Name of publisher, distributor, etc F. H. Revell Co.
Date of publication, distribution, etc c1939
300 ## - PHYSICAL DESCRIPTION
Extent 128 p. ;
Dimensions 20 cm.
650 ## - SUBJECT ADDED ENTRY--TOPICAL TERM
Topical term or geographic name as entry element Jesus Christ
General subdivision Forty Days
942 ## - ADDED ENTRY ELEMENTS (KOHA)
Source of classification or shelving scheme
Koha item type Books
Copies
Copy number Full call number Koha item type Shelving location Price effective from Source of classification or shelving scheme Withdrawn status Permanent Location Damaged status Date acquired Lost status Date last seen Not for loan Barcode
1BT 485 .M322BooksGeneral Stacks2010-04-14  RHEMA Bible Training College 2010-04-14 2010-04-14 5383